| 000 | 01133nam0a22002891 4500 | ||
|---|---|---|---|
| 001 | rc\91665 | ||
| 005 | 20021216132301.5 | ||
| 010 |
_a5-87199-022-3 _910000 |
||
| 035 | _a(NLR Aleph) 005357740 | ||
| 090 |
_a6865135 _c6865135 |
||
| 100 | _a20021216d1994 u |0rusy50 ca | ||
| 101 | 0 | _arus | |
| 102 | _aRU | ||
| 105 | _ay ||||||||| | ||
| 200 | 1 |
_aФИЛОСОФСКО-ПСИХОЛОГИЧЕСКИЕ проблемы развития образования _f[А.С. Арсеньев, Э.В. Безчеревных, В.В. Давыдов и др.] _gПод ред. В.В. Давыдова _gРос. акад. образования |
|
| 205 | _a[2-е изд.] | ||
| 210 |
_aМ. _cИНТОР _d1994 |
||
| 215 |
_a128 с. _d20 |
||
| 225 | 1 |
_aТеория и практика развивающего обучения _v1 |
|
| 701 | 1 |
_aАрсеньев _bА. С. _gАнатолий Сергеевич |
|
| 702 | 1 |
_aДавыдов _bВ. В. _4340 |
|
| 712 | 0 | 2 | _aРоссийская академия образования |
| 801 | 0 |
_aRU _bNLR _gpsbo |
|
| 801 | 1 |
_aRU _bELAR _2rusmarc |
|
| 852 |
_aNLR _j95-3/6996 |
||
| 942 | _cBOOK | ||
| 980 | _aNB | ||